00614nam a2200133Ia 4500008004100000020001800041100001700059245003300076260003900109440003600148650001200184650023900196856004500435171212s9999 xx 000 0 und d a9780874212273 aSmart, Donna cSmart, DonnaaMormon Midwife bUniversity Press of Coloradoc1997 aLife Writings of Frontier Women aHistory aSessions, Patty Bartlett, 1795-1892 -- Diaries; Women pioneers -- West (U.S.) -- Diaries; Midwives -- West (U.S.) -- Diaries; Mormon women -- West (U.S.) -- Diaries; Frontier and pioneer life -- West (U.S.); Nauvoo (Ill.) -- Biography uwww.jstor.org/stable/10.2307/j.ctt46nz2z